000 00469nam a2200181Ia 4500
001 13168
005 20260306163034.0
008 260306t2001||||xx |||||||||||||| ||spa||
041 _aESP
082 _a001.4
_bS29
100 _aSchmelkes, Corina
_eAUT
245 0 _aManual para la presentación de anteproyectos e informes de investigación
260 _c2001
300 _a206 páginas :
_c23 cm.
650 _aGEN
654 _aCHU
942 _cLIB
_dJUS
_fJUS
_2ddc
_n
999 _c13168
_d13168